[Event "283rd YMCA Winter B"]
[Site "Warsaw"]
[Date "2024.02.20"]
[Round "5"]
[White "Gospodarczyk, Wlodzimierz"]
[Black "Pasternak-Winiarski, Adam"]
[Result "0-1"]
[WhiteElo "1616"]
[BlackElo "1561"]
[PlyCount "122"]
[EventDate "2024.01.11"]
[EventType "tourn"]
[EventRounds "1"]
[EventCountry "POL"]
[SourceDate "2024.01.10"]

1. Nf3 Nf6 2. g3 g6 3. Bg2 Bg7 4. c4 c5 5. Nc3 Nc6 6. O-O O-O 7. d4 cxd4 8.
Nxd4 d6 9. Nxc6 bxc6 10. Bxc6 Rb8 11. Bg2 Qa5 12. a3 Ba6 13. Nb5 Bxb5 14. cxb5
Rxb5 15. Bd2 Qb6 16. Bc3 Nd7 17. Bxg7 Kxg7 18. b4 a5 19. bxa5 Qxa5 20. Qd4+ Nf6
21. Rfc1 Rfb8 22. Bc6 Rb2 23. a4 Rxe2 24. Bb5 Rd2 25. Qc4 Qb6 26. Rf1 Rb7 27.
Qc3 Qd4 28. Qxd4 Rxd4 29. Rfc1 Nd7 30. Bxd7 Rxd7 31. a5 Ra7 32. a6 Rb4 33. Ra5
Rb6 34. Rca1 Kf6 35. Kf1 Ke6 36. Ke2 d5 37. Ke3 Kd6 38. f4 f6 39. g4 e6 40. h4
Rb3+ 41. Kf2 Rb4 42. Kf3 Rb6 43. Ke3 e5 44. g5 Rb3+ 45. Kf2 Rb2+ 46. Ke3 exf4+
47. Kxf4 Rb4+ 48. Kg3 f5 49. Rd1 d4 50. h5 Kc6 51. hxg6 hxg6 52. Kf4 Kb6 53.
Rd5 Rxa6 54. Rd6+ Kb5 55. Rxa6 Kxa6 56. Ke5 Kb5 57. Kf6 f4 58. Kxg6 f3 59. Kf5
f2 60. Ke4 Kc5 61. g6 Rb3 $138 0-1

[Event "283rd YMCA Winter B"]
[Site "Warsaw"]
[Date "2024.02.08"]
[Round "5"]
[White "Jaroszuk, Marcin"]
[Black "Kasperski, Marcin"]
[Result "1-0"]
[WhiteElo "1529"]
[BlackElo "1636"]
[PlyCount "114"]
[EventDate "2024.01.11"]
[EventType "tourn"]
[EventRounds "1"]
[EventCountry "POL"]
[SourceDate "2024.01.10"]

1. d4 Nf6 2. Nf3 g6 3. c4 d5 4. g3 Bg7 5. Bg2 O-O 6. O-O c6 7. cxd5 Nxd5 8. e4
Nc7 9. Nc3 Bg4 10. Be3 Qc8 11. Qb3 Nd7 12. Rac1 Bxf3 13. Bxf3 Ne6 14. Rfd1 Rd8
15. Ne2 Nef8 16. h4 Qc7 17. h5 Qb6 18. hxg6 Nxg6 19. Kg2 Qxb3 20. axb3 a5 21.
Nc3 Rac8 22. Na4 e6 23. Rc2 Bf8 24. Bg5 f6 25. Bd2 b5 26. Bxa5 bxa4 27. Bxd8
axb3 28. Rc3 Rxd8 29. Bg4 f5 30. exf5 Nf6 31. fxg6 Nxg4 32. gxh7+ Kxh7 33. Rxb3
e5 34. Rh1+ Kg6 35. f3 exd4 36. fxg4 c5 37. Rb6+ Bd6 38. Rh5 Kg7 39. Rd5 Be7
40. Rxd8 Bxd8 41. Rc6 Be7 42. Kf3 Kf7 43. Ke4 Ke8 44. b3 Kd7 45. Ra6 Bd6 46.
Ra7+ Ke6 47. Ra6 Kd7 48. Kd5 Bxg3 49. Kxc5 d3 50. Ra1 Bf4 51. Rd1 d2 52. b4 Kc7
53. Kc4 Kc6 54. Kd3 Kb5 55. Rxd2 Kxb4 56. Rc2 Kb3 57. Rc8 Kb4 1-0

[Event "283rd YMCA Winter B"]
[Site "Warsaw"]
[Date "2024.02.08"]
[Round "5"]
[White "Pichurko, Jakub"]
[Black "Mlynarski, Zbigniew"]
[Result "0-1"]
[WhiteElo "1628"]
[BlackElo "1584"]
[PlyCount "58"]
[EventDate "2024.01.11"]
[EventType "tourn"]
[EventRounds "1"]
[EventCountry "POL"]
[SourceDate "2024.01.10"]

1. d4 d6 2. Nf3 Bg4 3. Nbd2 Nd7 4. g3 Ngf6 5. Bg2 e5 6. dxe5 dxe5 7. e4 Bc5 8.
O-O O-O 9. Re1 Qe7 10. c3 a5 11. Qc2 Rfd8 12. Nf1 Bb6 13. Ne3 Bh5 14. Nc4 Nc5
15. Nfxe5 Ng4 16. Nxb6 cxb6 17. Nxg4 Bxg4 18. f3 Nd3 19. Re3 Nxc1 20. Rxc1 Be6
21. b3 Rac8 22. Rd3 Rxd3 23. Qxd3 Rd8 24. Qe3 Qa3 25. Rc2 Rd1+ 26. Kf2 Qd6 27.
e5 Qd8 28. Bf1 Rxf1+ 29. Kxf1 Qd1+ 0-1

[Event "283rd YMCA Winter B"]
[Site "Warsaw"]
[Date "2024.02.08"]
[Round "5"]
[White "Kwiecinski, Rafal"]
[Black "Emmel, Bartosz"]
[Result "1-0"]
[WhiteElo "1496"]
[BlackElo "1638"]
[PlyCount "83"]
[EventDate "2024.01.11"]
[EventType "tourn"]
[EventRounds "1"]
[EventCountry "POL"]
[SourceDate "2024.01.10"]

1. e4 e6 2. d4 d5 3. e5 c5 4. Nf3 Nc6 5. Bb5 a6 6. Bxc6+ bxc6 7. O-O cxd4 8.
Qxd4 c5 9. Qf4 Ne7 10. Nc3 Nc6 11. a3 Qc7 12. Re1 g6 13. Qf6 Rg8 14. Qh4 Rh8
15. Bg5 Be7 16. Bf6 Bb7 17. Rad1 O-O-O 18. Qh3 Bxf6 19. exf6 Kb8 20. Na4 c4 21.
Nc5 Qa5 22. Nxb7 Kxb7 23. Qh6 Qc7 24. b4 Rdg8 25. a4 g5 26. b5 Nb8 27. Ne5 a5
28. Rb1 Kb6 29. Qh3 Rf8 30. Qe3+ Qc5 31. Qxg5 Qd6 32. Rbd1 Qc7 33. Qe3+ Kb7 34.
Qc3 Rhg8 35. b6 Qc5 36. Rb1 d4 37. Qxc4 Qxc4 38. Nxc4 Nc6 39. Nd6+ Kb8 40. Rb5
Rg6 41. Rc5 Nd8 42. Rc8# 1-0

[Event "283rd YMCA Winter B"]
[Site "Warsaw"]
[Date "2024.02.06"]
[Round "5"]
[White "Kuc, Mariusz"]
[Black "Bartczak, Hanna"]
[Result "1-0"]
[WhiteElo "1552"]
[BlackElo "1479"]
[PlyCount "53"]
[EventDate "2024.01.11"]
[EventType "tourn"]
[EventRounds "1"]
[EventCountry "POL"]
[SourceDate "2024.01.10"]

1. e4 d6 2. Nf3 Nf6 3. Qe2 e5 4. g3 Be7 5. Bg2 Nc6 6. c3 O-O 7. O-O Bd7 8. b4
a6 9. Na3 Qc8 10. Re1 Bh3 11. Bh1 Qg4 12. Nc2 Nh5 13. Ne3 Qg6 14. Ng2 Bg4 15.
Nfh4 Qe6 16. f3 Bh3 17. d3 Bxg2 18. Nxg2 Qg6 19. g4 Nf4 20. Nxf4 exf4 21. Bxf4
f5 22. exf5 Rxf5 23. Bg3 Rf7 24. f4 Bf6 25. f5 Qh6 26. Bd5 Bxc3 27. Qe8+ 1-0

[Event "283rd YMCA Winter B"]
[Site "Warsaw"]
[Date "2024.02.15"]
[Round "6"]
[White "Emmel, Bartosz"]
[Black "Kuc, Mariusz"]
[Result "1-0"]
[WhiteElo "1638"]
[BlackElo "1552"]
[PlyCount "53"]
[EventDate "2024.01.11"]
[EventType "tourn"]
[EventRounds "1"]
[EventCountry "POL"]
[SourceDate "2024.01.10"]

1. e4 c5 2. Nf3 e6 3. d4 cxd4 4. Nxd4 Nf6 5. Nc3 d6 6. Bc4 Be7 7. O-O O-O 8. f4
Nxe4 9. Nxe4 d5 10. Bd3 dxe4 11. Bxe4 Qb6 12. Be3 Nc6 13. Kh1 Bf6 14. c3 Nxd4
15. Rf3 e5 16. fxe5 Bxe5 17. cxd4 Rd8 18. Bxh7+ Kh8 19. Bf5 Bxf5 20. Rxf5 Bf6
21. Qe2 g6 22. Rf3 Kg7 23. Raf1 Rd6 24. d5 Qxb2 25. Qd3 Rad8 26. Rxf6 Rxf6 27.
Bd4 1-0

[Event "283rd YMCA Winter B"]
[Site "Warsaw"]
[Date "2024.02.15"]
[Round "6"]
[White "Czerwinski, Bartlomiej"]
[Black "Kwiecinski, Rafal"]
[Result "1-0"]
[WhiteElo "1603"]
[BlackElo "1496"]
[PlyCount "89"]
[EventDate "2024.01.11"]
[EventType "tourn"]
[EventRounds "1"]
[EventCountry "POL"]
[SourceDate "2024.01.10"]

1. Nf3 d5 2. c4 c6 3. cxd5 cxd5 4. d4 Nf6 5. Nc3 e6 6. Bg5 Be7 7. e3 a6 8. Bd3
Nbd7 9. O-O O-O 10. Rc1 h6 11. Bh4 Re8 12. Bb1 Nf8 13. Ne5 N6d7 14. Bg3 Nxe5
15. Bxe5 f5 16. Na4 Bd6 17. f4 Bxe5 18. fxe5 Bd7 19. Nc5 Bc6 20. Qb3 Qe7 21.
Bd3 Rab8 22. Qb4 Qd8 23. Be2 g6 24. Qd2 a5 25. Rc3 Nh7 26. Rf3 Ng5 27. Rg3 Kh7
28. Rc1 b6 29. h4 bxc5 30. hxg5 hxg5 31. Rh3+ Kg7 32. Rxc5 Bd7 33. b3 g4 34.
Rh2 a4 35. e4 Rh8 36. exf5 exf5 37. Rxh8 Qxh8 38. Qg5 Qd8 39. Qxd8 Rxd8 40.
Rxd5 Kf7 41. Bb5 Ke7 42. Rxd7+ Rxd7 43. Bxd7 Kxd7 44. bxa4 g5 45. d5 1-0

[Event "283rd YMCA Winter B"]
[Site "Warsaw"]
[Date "2024.02.14"]
[Round "6"]
[White "Mlynarski, Zbigniew"]
[Black "Gozdzikowski, Franciszek"]
[Result "1-0"]
[WhiteElo "1584"]
[BlackElo "1523"]
[PlyCount "61"]
[EventDate "2024.01.11"]
[EventType "tourn"]
[EventRounds "1"]
[EventCountry "POL"]
[SourceDate "2024.01.10"]

1. d4 Nf6 2. Nf3 g6 3. c4 Bg7 4. Nc3 O-O 5. e4 d6 6. Bg5 Nbd7 7. Be2 e5 8. d5
h6 9. Be3 Nc5 10. Bxc5 dxc5 11. Qc2 Qe7 12. O-O Bd7 13. Ne1 c6 14. Rd1 cxd5 15.
cxd5 a6 16. a4 Ne8 17. Nb1 Rc8 18. Nd2 b5 19. axb5 axb5 20. Ra1 Nd6 21. Ra7 c4
22. Nef3 f5 23. Rfa1 fxe4 24. Nxe4 Nxe4 25. Qxe4 Bf5 26. Qxf5 Qxa7 27. Qxf8+
Kxf8 28. Rxa7 b4 29. Nh4 c3 30. Nxg6+ Ke8 31. Bb5+ 1-0

[Event "283rd YMCA Winter B"]
[Site "Warsaw"]
[Date "2024.02.15"]
[Round "6"]
[White "Kasperski, Marcin"]
[Black "Pichurko, Jakub"]
[Result "0-1"]
[WhiteElo "1636"]
[BlackElo "1628"]
[PlyCount "100"]
[EventDate "2024.01.11"]
[EventType "tourn"]
[EventRounds "1"]
[EventCountry "POL"]
[SourceDate "2024.01.10"]

1. e4 c6 2. d4 d5 3. e5 c5 4. c3 cxd4 5. cxd4 Nc6 6. Nf3 Bg4 7. Be2 e6 8. Nbd2
Qb6 9. Qb3 Bb4 10. O-O Nge7 11. a3 Bxd2 12. Qxb6 axb6 13. Bxd2 Bxf3 14. Bxf3
Nxd4 15. Bd1 Nec6 16. f4 O-O 17. Rc1 Rfc8 18. Kf2 g6 19. Ke3 Nf5+ 20. Kd3 h5
21. g4 hxg4 22. Bxg4 Nfd4 23. Be3 Nb3 24. Rc3 Nc5+ 25. Bxc5 bxc5 26. Rfc1 c4+
27. Kd2 Nd4 28. h4 Nb3+ 29. Rxb3 cxb3 30. Rc3 Rxc3 31. Kxc3 Ra4 32. Kxb3 Rxf4
33. Bd1 Rxh4 34. Kc3 Re4 35. a4 g5 36. b4 Kf8 37. a5 Ke7 38. b5 Kd7 39. Bh5 Rf4
40. a6 bxa6 41. bxa6 Kc7 42. Kd2 Kb6 43. Be2 Rf2 44. Ke3 Rxe2+ 45. Kxe2 Kxa6
46. Kf3 Kb5 47. Kg4 d4 48. Kxg5 d3 49. Kf6 Kc5 50. Kxf7 Kd5 0-1

[Event "283rd YMCA Winter B"]
[Site "Warsaw"]
[Date "2024.02.27"]
[Round "6"]
[White "Gospodarczyk, Wlodzimierz"]
[Black "Jaroszuk, Marcin"]
[Result "0-1"]
[WhiteElo "1616"]
[BlackElo "1529"]
[PlyCount "36"]
[EventDate "2024.01.11"]
[EventType "tourn"]
[EventRounds "1"]
[EventCountry "POL"]
[SourceDate "2024.01.10"]

1. b3 Nf6 2. Bb2 g6 3. Nf3 Bg7 4. e4 d6 5. Bd3 Nbd7 6. Nc3 O-O 7. Qe2 c6 8.
O-O-O b5 9. e5 Nh5 10. exd6 exd6 11. g3 Re8 12. Qf1 Nc5 13. Be2 b4 14. Na4 Nxa4
15. Bxg7 Nxg7 16. bxa4 Qa5 17. Bc4 Qxa4 18. Re1 Qa3+ 0-1

[Event "283rd YMCA Winter B"]
[Site "Warsaw"]
[Date "2024.02.23"]
[Round "7"]
[White "Jaroszuk, Marcin"]
[Black "Pasternak-Winiarski, Adam"]
[Result "0-1"]
[WhiteElo "1529"]
[BlackElo "1561"]
[PlyCount "128"]
[EventDate "2024.01.11"]
[EventType "tourn"]
[EventRounds "1"]
[EventCountry "POL"]
[SourceDate "2024.01.10"]

1. Nf3 b6 2. g3 Bb7 3. Bg2 c5 4. O-O g6 5. d4 cxd4 6. Nxd4 Bxg2 7. Kxg2 Nf6 8.
c4 Bg7 9. Nc3 Qc8 10. Qd3 Nc6 11. Nxc6 Qxc6+ 12. e4 Rc8 13. Rd1 Qxc4 14. Qxc4
Rxc4 15. e5 Ne4 16. Nxe4 Rxe4 17. f4 Re2+ 18. Kf3 Rxh2 19. Bd2 f6 20. Bc3 fxe5
21. Rac1 d6 22. Ke4 O-O 23. fxe5 Bxe5 24. Bxe5 Re2+ 25. Kd3 Rxe5 26. Rc7 Rf3+
27. Kd4 Rff5 28. Rdc1 Rd5+ 29. Ke4 Rfe5+ 30. Kf3 a5 31. Rb7 Rc5 32. Rb1 b5 33.
b4 Rc3+ 34. Kf2 axb4 35. Rxb4 Rc2+ 36. Kf3 Kf7 37. a4 bxa4 38. Rxa4 Rc3+ 39.
Kf2 Rcc5 40. Ra3 g5 41. Ra6 Rcd5 42. Ra1 g4 43. Rb4 h5 44. Raa4 Rf5+ 45. Rf4
Kf6 46. Ra8 Rxf4+ 47. gxf4 Rd3 48. Rf8+ Ke6 49. Kg2 Rf3 50. Kg1 d5 51. Kg2 d4
52. Rh8 Kf5 53. Rxh5+ Kxf4 54. Rd5 e5 55. Kg1 Ke4 56. Rd8 Ke3 57. Rd5 Rf5 58.
Ra5 d3 59. Kg2 d2 60. Ra1 Ke2 61. Ra2 Ke1 62. Kg3 d1=Q 63. Rg2 Qf3+ 64. Kh4
Qh3# 0-1

[Event "283rd YMCA Winter B"]
[Site "Warsaw"]
[Date "2024.02.22"]
[Round "7"]
[White "Pichurko, Jakub"]
[Black "Gospodarczyk, Wlodzimierz"]
[Result "1-0"]
[WhiteElo "1628"]
[BlackElo "1616"]
[PlyCount "65"]
[EventDate "2024.01.11"]
[EventType "tourn"]
[EventRounds "1"]
[EventCountry "POL"]
[SourceDate "2024.01.10"]

1. Nf3 Nf6 2. g3 d5 3. d4 g6 4. Bg2 Bg7 5. O-O O-O 6. c4 c6 7. cxd5 cxd5 8. Ne5
Nc6 9. Nxc6 bxc6 10. Nc3 Nd7 11. Bf4 Qb6 12. e4 Ba6 13. Na4 Qxd4 14. Be3 Qb4
15. a3 Qd6 16. Re1 d4 17. Bd2 e5 18. b4 Bb5 19. Rc1 Rfc8 20. Bh3 Bxa4 21. Qxa4
Nb6 22. Qb3 Rc7 23. Rc5 Nd7 24. Rc2 a5 25. Rec1 axb4 26. Bxb4 c5 27. Bxd7 Qxd7
28. Rxc5 Rxc5 29. Rxc5 Rc8 30. Qd5 Qh3 31. Qb7 Rxc5 32. Bxc5 f6 33. Qd5+ 1-0

[Event "283rd YMCA Winter B"]
[Site "Warsaw"]
[Date "2024.02.21"]
[Round "7"]
[White "Gozdzikowski, Franciszek"]
[Black "Kasperski, Marcin"]
[Result "0-1"]
[WhiteElo "1523"]
[BlackElo "1636"]
[PlyCount "96"]
[EventDate "2024.01.11"]
[EventType "tourn"]
[EventRounds "1"]
[EventCountry "POL"]
[SourceDate "2024.01.10"]

1. e4 e6 2. d4 d5 3. Bd3 Nf6 4. e5 Nfd7 5. Ne2 Nc6 6. O-O Nb6 7. c3 Bd7 8. a4
Na5 9. b4 Nac4 10. a5 Nc8 11. f4 Ne7 12. Ng3 g6 13. Qe2 a6 14. Na3 Nxa3 15.
Bxa3 Nf5 16. b5 Nxg3 17. hxg3 Bxa3 18. Rxa3 axb5 19. Bxb5 c6 20. Bd3 Rxa5 21.
Rfa1 Rxa3 22. Rxa3 O-O 23. Qb2 $11 Bc8 24. Qb4 f6 25. exf6 Qxf6 26. Ra1 Qd8 27.
Be2 Qc7 28. Ra7 g5 29. Qa5 Qxa5 30. Rxa5 gxf4 31. gxf4 Rxf4 32. Ra8 Rf8 33. Bg4
Kf7 34. Rb8 Ke7 35. Bf3 Kd6 36. Kh2 Kc7 37. Ra8 Re8 38. Bh5 Re7 39. Kg3 e5 40.
dxe5 Rxe5 41. Bf3 Re3 42. Ra3 d4 43. Kf4 Rxc3 44. Rxc3 dxc3 45. Be4 h6 46. Ke3
b5 47. Kd4 b4 48. Kc4 c5 0-1

[Event "283rd YMCA Winter B"]
[Site "Warsaw"]
[Date "2024.02.22"]
[Round "7"]
[White "Kwiecinski, Rafal"]
[Black "Mlynarski, Zbigniew"]
[Result "1-0"]
[WhiteElo "1496"]
[BlackElo "1584"]
[PlyCount "95"]
[EventDate "2024.01.11"]
[EventType "tourn"]
[EventRounds "1"]
[EventCountry "POL"]
[SourceDate "2024.01.10"]

1. e4 Nc6 2. Nf3 e5 3. Bb5 Nge7 4. c3 a6 5. Ba4 d6 6. h3 f5 7. d3 h6 8. Nbd2
Be6 9. exf5 Bxf5 10. Ne4 b5 11. Bb3 d5 12. Ng3 Be6 13. Qe2 Qd6 14. a4 b4 15. a5
g6 16. Bd2 Bg7 17. O-O O-O 18. Rfe1 Nf5 19. Nxf5 Bxf5 20. cxb4 Kh7 21. Rec1 e4
22. dxe4 dxe4 23. Rxc6 Qxc6 24. Nh4 Bxb2 25. Rb1 Bg7 26. Rc1 Qd7 27. Nxf5 Rxf5
28. g4 Rf3 29. Bc2 Raf8 30. Be3 Qe6 31. Kg2 h5 32. Rh1 hxg4 33. hxg4+ Kg8 34.
Kf1 Qd5 35. Kg2 Qe6 36. Kf1 Bc3 37. Bb1 Rxe3 38. Qxe3 Qc4+ 39. Kg2 Bd4 40. Qxe4
Rxf2+ 41. Kg3 Qc3+ 42. Bd3 Rf6 43. Qe8+ Kg7 44. Qh8+ Kf7 45. Rh7+ Ke6 46. Qe8+
Kd5 47. Rd7+ Rd6 48. Qe4# 1-0

[Event "283rd YMCA Winter B"]
[Site "Warsaw"]
[Date "2024.02.22"]
[Round "7"]
[White "Kuc, Mariusz"]
[Black "Czerwinski, Bartlomiej"]
[Result "0-1"]
[WhiteElo "1552"]
[BlackElo "1603"]
[PlyCount "102"]
[EventDate "2024.01.11"]
[EventType "tourn"]
[EventRounds "1"]
[EventCountry "POL"]
[SourceDate "2024.01.10"]

1. e4 c5 2. Nc3 g6 3. f4 Bg7 4. Nf3 Nc6 5. Bb5 Na5 6. Be2 d6 7. O-O a6 8. Kh1
Nc6 9. Qe1 Nh6 10. f5 O-O 11. d3 Ng4 12. Qh4 Nf6 13. fxg6 fxg6 14. Bh6 Bxh6 15.
Qxh6 Ng4 16. Qh4 h5 17. Qg5 Kg7 18. Nh4 Nce5 19. h3 Nf6 20. Nf5+ Bxf5 21. exf5
Qd7 22. fxg6 Nxg6 23. Ne4 Nxe4 24. dxe4 Qe6 25. Bxh5 Rf6 26. Rxf6 Qxf6 27.
Qxf6+ exf6 28. Rd1 Nf4 29. Bg4 Rd8 30. Kg1 Ng6 31. Kf2 Ne5 32. Be6 Kh6 33. g3
b6 34. Ke3 Nc6 35. c3 Ne7 36. Kf4 Kg7 37. h4 Ng6+ 38. Kf5 Ne7+ 39. Kg4 b5 40.
Bd5 a5 41. a3 Kg6 42. Be6 Kh6 43. b4 axb4 44. axb4 cxb4 45. cxb4 Nc6 46. Kf5
Kg7 47. Rc1 Nd4+ 48. Kf4 Nxe6+ 49. Kf5 Kf7 50. g4 Nd4+ 51. Kf4 Ne2+ 0-1

[Event "283rd YMCA Winter B"]
[Site "Warsaw"]
[Date "2024.03.01"]
[Round "8"]
[White "Pasternak-Winiarski, Adam"]
[Black "Emmel, Bartosz"]
[Result "1-0"]
[WhiteElo "1561"]
[BlackElo "1638"]
[PlyCount "53"]
[EventDate "2024.01.11"]
[EventType "tourn"]
[EventRounds "1"]
[EventCountry "POL"]
[SourceDate "2024.01.10"]

1. c4 e5 2. Nc3 Nf6 3. Nf3 Nc6 4. g3 Bc5 5. e3 a6 6. Nxe5 Nxe5 7. d4 Nxc4 8.
Bxc4 Ba7 9. O-O b5 10. Bd3 Bb7 11. b4 Qe7 12. a3 h5 13. h4 Qe6 14. f3 Qh3 15.
Qe1 g5 16. hxg5 Ng4 17. Ra2 h4 18. Ne4 hxg3 19. Nxg3 O-O-O 20. Bf5 Rde8 21.
Bxg4 Qh4 22. Rg2 Qxg5 23. Qc3 Rh4 24. Nf5 Rxg4 25. Nd6+ Kb8 26. Rxg4 Qh5 27.
Nxe8 1-0

[Event "283rd YMCA Winter B"]
[Site "Warsaw"]
[Date "2024.02.27"]
[Round "8"]
[White "Czerwinski, Bartlomiej"]
[Black "Bartczak, Hanna"]
[Result "1-0"]
[WhiteElo "1603"]
[BlackElo "1479"]
[PlyCount "111"]
[EventDate "2024.01.11"]
[EventType "tourn"]
[EventRounds "1"]
[EventCountry "POL"]
[SourceDate "2024.01.10"]

1. Nf3 d6 2. d4 Nf6 3. c4 g6 4. Nc3 Bg7 5. e4 O-O 6. Be2 Nc6 7. h3 e5 8. d5 Ne7
9. Be3 Nd7 10. Qd2 f5 11. Bh6 f4 12. Bxg7 Kxg7 13. b4 h6 14. c5 Nf6 15. a4 a6
16. Kd1 g5 17. Kc2 Ng6 18. Nh2 Qe7 19. cxd6 cxd6 20. Kb3 Bd7 21. Rac1 Rfc8 22.
Ng4 Rc7 23. Nxf6 Qxf6 24. Nb1 Rac8 25. Na3 Qe7 26. Rxc7 Rxc7 27. Rc1 Qd8 28.
Nc4 Bxa4+ 29. Kxa4 b5+ 30. Kb3 bxc4+ 31. Bxc4 Ra7 32. Ra1 Qb6 33. Ra5 Ne7 34.
Qa2 Rb7 35. b5 Qd4 36. Rxa6 Qxe4 37. Rxd6 Qxg2 38. Qe2 Qxh3+ 39. Kb4 Qf5 40.
Bd3 Qf8 41. Qxe5+ Kg8 42. Qe6+ Kh8 43. Qxh6+ Qxh6 44. Rxh6+ Kg7 45. Rh7+ Kf6
46. Kc5 Rb8 47. d6 Rc8+ 48. Kd4 Rd8 49. Rh6+ Kg7 50. Re6 Kf8 51. Ke5 Nc8 52.
Rf6+ Kg7 53. Rg6+ Kf8 54. Rh6 Kg7 55. Rh7+ Kf8 56. Rh8+ 1-0

[Event "283rd YMCA Winter B"]
[Site "Warsaw"]
[Date "2024.02.29"]
[Round "8"]
[White "Mlynarski, Zbigniew"]
[Black "Kuc, Mariusz"]
[Result "0-1"]
[WhiteElo "1584"]
[BlackElo "1552"]
[PlyCount "78"]
[EventDate "2024.01.11"]
[EventType "tourn"]
[EventRounds "1"]
[EventCountry "POL"]
[SourceDate "2024.01.10"]

1. d4 Nf6 2. Nf3 e6 3. c4 Bb4+ 4. Nc3 Ne4 5. Qc2 d5 6. a3 Bxc3+ 7. bxc3 O-O 8.
e3 b6 9. Bd3 Bb7 10. a4 Nd7 11. Ba3 Re8 12. O-O h6 13. Nd2 Ndf6 14. cxd5 exd5
15. Rfe1 c5 16. dxc5 Nxc5 17. Bb5 Re7 18. Nb3 Rc8 19. Nxc5 bxc5 20. Rad1 Qb6
21. Rb1 Qe6 22. Bd3 Qc6 23. Bf1 Ne4 24. c4 Ng5 25. h4 Ne4 26. Red1 dxc4 27.
Qxc4 Qf6 28. Rb2 Ba8 29. Rdb1 Nd6 30. Qa6 Be4 31. Rd1 Rc6 32. Qa5 Rec7 33. Rbd2
Nf5 34. h5 Qg5 35. Rd8+ Kh7 36. Qd2 Nh4 37. f4 Nf3+ 38. Kf2 Qh4+ 39. g3 Qh2+
0-1

[Event "283rd YMCA Winter B"]
[Site "Warsaw"]
[Date "2024.02.29"]
[Round "8"]
[White "Kasperski, Marcin"]
[Black "Kwiecinski, Rafal"]
[Result "0-1"]
[WhiteElo "1636"]
[BlackElo "1496"]
[PlyCount "80"]
[EventDate "2024.01.11"]
[EventType "tourn"]
[EventRounds "1"]
[EventCountry "POL"]
[SourceDate "2024.01.10"]

1. c4 Nf6 2. g3 g6 3. Bg2 Bg7 4. Nc3 c6 5. e4 e5 6. Nge2 d6 7. O-O Qe7 8. d3
Na6 9. a3 Nc7 10. b4 O-O 11. Rb1 Bd7 12. Bg5 Ne6 13. Bd2 h5 14. b5 Ng4 15. f3
Nh6 16. bxc6 bxc6 17. Qc1 Kh7 18. Rb7 Nc5 19. Rxd7 Qxd7 20. Qc2 f5 21. f4 Rad8
22. Be3 Ne6 23. Rb1 Ng4 24. Bd2 exf4 25. Nxf4 Bd4+ 26. Kf1 Nxf4 27. gxf4 Nxh2+
28. Ke2 Rde8 29. Rh1 Ng4 30. Kf3 fxe4+ 31. Nxe4 Ne5+ 32. Ke2 Qg4+ 33. Kf1 Nf3
34. Bc1 Nh4 35. Rxh4 Qxh4 36. Bf3 Qh3+ 37. Bg2 Qg4 38. Nf2 Qe6 39. Bxc6 Qe1+
40. Kg2 Re2 0-1

[Event "283rd YMCA Winter B"]
[Site "Warsaw"]
[Date "2024.02.28"]
[Round "8"]
[White "Gospodarczyk, Wlodzimierz"]
[Black "Gozdzikowski, Franciszek"]
[Result "0-1"]
[WhiteElo "1616"]
[BlackElo "1523"]
[PlyCount "82"]
[EventDate "2024.01.11"]
[EventType "tourn"]
[EventRounds "1"]
[EventCountry "POL"]
[SourceDate "2024.01.10"]

1. Nf3 Nf6 2. c4 g6 3. Nc3 Bg7 4. g3 O-O 5. Bg2 d6 6. d4 Nbd7 7. O-O c5 8. e4
cxd4 9. Nxd4 Ne5 10. Qb3 Nfd7 11. Nce2 Nb6 12. Qc2 Nexc4 13. b3 Ne5 14. Bb2 Bd7
15. Rac1 Rc8 16. Qd2 Nc6 17. Nxc6 bxc6 18. Bxg7 Kxg7 19. Rfd1 c5 20. Nf4 Bc6
21. Qb2+ Kg8 22. Rxc5 dxc5 23. Rxd8 Rfxd8 24. Qe2 e5 25. Nd5 Nxd5 26. exd5 Bxd5
27. Qxe5 Be6 28. Bb7 Bh3 29. f3 Rd1+ 30. Kf2 Rcd8 31. g4 Bf1 32. Qxc5 h6 33.
Be4 g5 34. Qc3 R8d2+ 35. Qxd2 Rxd2+ 36. Kxf1 Rxa2 37. Kg1 Kf8 38. h4 gxh4 39.
f4 f6 40. Bg2 Rb2 41. Bd5 Ke7 0-1

[Event "283rd YMCA Winter B"]
[Site "Warsaw"]
[Date "2024.03.07"]
[Round "8"]
[White "Jaroszuk, Marcin"]
[Black "Pichurko, Jakub"]
[Result "1/2-1/2"]
[WhiteElo "1529"]
[BlackElo "1628"]
[PlyCount "29"]
[EventDate "2024.01.11"]
[EventType "tourn"]
[EventRounds "1"]
[EventCountry "POL"]
[SourceDate "2024.01.10"]

1. d4 d5 2. Nf3 Nf6 3. g3 e6 4. Bg2 c6 5. O-O Be7 6. c4 O-O 7. Nc3 a5 8. Nd2 b6
9. Re1 Bb7 10. e4 Na6 11. cxd5 cxd5 12. e5 Ne8 13. h4 Nb4 14. Nf3 Ba6 15. Bf1
$11 1/2-1/2

[Event "283rd YMCA Winter B"]
[Site "Warsaw"]
[Date "2024.03.05"]
[Round "9"]
[White "Pichurko, Jakub"]
[Black "Pasternak-Winiarski, Adam"]
[Result "0-1"]
[WhiteElo "1628"]
[BlackElo "1561"]
[PlyCount "104"]
[EventDate "2024.01.11"]
[EventType "tourn"]
[EventRounds "1"]
[EventCountry "POL"]
[SourceDate "2024.01.10"]

1. d4 Nf6 2. Bg5 d5 3. Bxf6 gxf6 4. e3 c5 5. dxc5 e5 6. Nc3 Be6 7. Nge2 Bxc5 8.
g3 Nc6 9. Bg2 Ne7 10. O-O h5 11. Qd3 Qd7 12. Qb5 Qxb5 13. Nxb5 O-O-O 14. h4 a6
15. Nbc3 Rhg8 16. a3 Bg4 17. Nc1 Ba7 18. Nd3 Rg7 19. Rac1 d4 20. exd4 Bxd4 21.
Ne4 f5 22. Ng5 e4 23. c3 Bb6 24. Nf4 e3 25. Ngh3 Bxh3 26. Bxh3 exf2+ 27. Kh2
Rd2 28. Nxh5 Rg8 29. b4 Kb8 30. c4 Be3 31. Rc3 Bd4 32. Rf3 Rd8 33. Bxf5 Nxf5
34. Rxf5 Re8 35. g4 Re4 36. Nf6 Re1 37. Kg2 Rxf1 38. Kxf1 Rd1+ 39. Ke2 Re1+ 40.
Kd3 f1=Q+ 41. Rxf1 Rxf1 42. Kxd4 Rxf6 43. Ke5 Rf1 44. h5 Kc7 45. h6 Kd7 46. g5
Ke7 47. Kd5 Rf5+ 48. Kd4 Rxg5 49. h7 Rh5 50. b5 axb5 51. cxb5 Kd6 52. a4 b6 0-1

[Event "283rd YMCA Winter B"]
[Site "Warsaw"]
[Date "2024.03.06"]
[Round "9"]
[White "Gozdzikowski, Franciszek"]
[Black "Jaroszuk, Marcin"]
[Result "1/2-1/2"]
[WhiteElo "1523"]
[BlackElo "1529"]
[PlyCount "33"]
[EventDate "2024.01.11"]
[EventType "tourn"]
[EventRounds "1"]
[EventCountry "POL"]
[SourceDate "2024.01.10"]

1. e4 e5 2. Nf3 Nc6 3. Bc4 Nf6 4. d4 exd4 5. O-O Nxe4 6. Re1 d5 7. Bxd5 Qxd5 8.
Nc3 Qh5 9. Nxe4 Be7 10. Bg5 Bg4 11. Bxe7 Bxf3 12. gxf3 Nxe7 13. Qxd4 O-O 14.
Ng3 Qd5 15. Qg4 Rfe8 16. Rad1 Qc6 17. Qd7 $11 1/2-1/2

[Event "283rd YMCA Winter B"]
[Site "Warsaw"]
[Date "2024.03.07"]
[Round "9"]
[White "Kwiecinski, Rafal"]
[Black "Gospodarczyk, Wlodzimierz"]
[Result "1-0"]
[WhiteElo "1496"]
[BlackElo "1616"]
[PlyCount "123"]
[EventDate "2024.01.11"]
[EventType "tourn"]
[EventRounds "1"]
[EventCountry "POL"]
[SourceDate "2024.01.10"]

1. e4 c5 2. Bc4 Nc6 3. c3 Nf6 4. Qe2 d6 5. h3 g6 6. Nf3 Bg7 7. a3 a5 8. d3 O-O
9. Bg5 Be6 10. Bxe6 fxe6 11. Nbd2 Ne8 12. O-O Nc7 13. Rab1 a4 14. Rfd1 b5 15.
Qe3 e5 16. g3 Qd7 17. Kg2 Ne6 18. Bh6 Ncd8 19. Bxg7 Kxg7 20. Rh1 Nf7 21. h4 Nh6
22. Nh2 Rf6 23. Rbf1 Raf8 24. Ndf3 Ng4 25. Qe2 Kh8 26. Rhg1 Ng7 27. Nxg4 Qxg4
28. Nd4 Qxe2 29. Nxe2 Rf3 30. Nf4 R8xf4 31. gxf4 Rxd3 32. fxe5 Ne6 33. Kh2 Nf4
34. Rg3 dxe5 35. Rxd3 Nxd3 36. f3 Kg7 37. Rb1 c4 38. Kg3 h5 39. Rd1 Kf6 40. Rd2
e6 41. Kg2 Ke7 42. Kf1 Nf4 43. Kf2 Nd3+ 44. Ke3 Nf4 45. Rh2 Kf6 46. Kd2 Ke7 47.
Rh1 Kf6 48. Kc2 Ke7 49. Rg1 Kf6 50. Rd1 Ke7 51. Ra1 Nd3 52. Rd1 Nf4 53. Rd2 Nh3
54. b3 axb3+ 55. Kb2 Nf4 56. a4 bxa4 57. Ka3 Nd3 58. Rd1 Kd6 59. Kxa4 Kc5 60.
Ka3 Kb5 61. Rg1 Nf4 62. Rg5 $138 1-0